Southville International School and Colleges
Your cart is empty.
  • Cart
  • Lists
    Public lists Eva Luna New books Lux_list list_1
    Your lists Log in to create your own lists
  • Log in to your account
  • Your cookies
  • Search history
Southville International School and Colleges
  • Advanced search
  • Recent comments
  • Most popular
  • Libraries

Log in to your account

Log in with GOOGLE


If you do not have an external account, but do have a local account, you can still log in:

  1. Home
  2. MARC view: Job search letters for dummies /
Normal view MARC view ISBD view

Job search letters for dummies / (Record no. 293090)

[ view plain ]
MARC details
000 -LEADER
fixed length control field 01561cam a2200373 a 4500
001 - CONTROL NUMBER
control field 17700012
003 - CONTROL NUMBER IDENTIFIER
control field SISC
005 - DATE AND TIME OF LATEST TRANSACTION
control field 20170130111155.0
008 - FIXED-LENGTH DATA ELEMENTS--GENERAL INFORMATION
fixed length control field 130416s2013 njua 001 0 eng d
010 ## - LIBRARY OF CONGRESS CONTROL NUMBER
LC control number 2013938102
015 ## - NATIONAL BIBLIOGRAPHY NUMBER
National bibliography number GBB301775
Source bnb
016 7# - NATIONAL BIBLIOGRAPHIC AGENCY CONTROL NUMBER
Record control number 016246574
Source Uk
020 ## - INTERNATIONAL STANDARD BOOK NUMBER
International Standard Book Number 9781118436417 (pbk.)
020 ## - INTERNATIONAL STANDARD BOOK NUMBER
International Standard Book Number 1118436415 (pbk.)
035 ## - SYSTEM CONTROL NUMBER
System control number (OCoLC)ocn824182632
040 ## - CATALOGING SOURCE
Original cataloging agency UKMGB
Language of cataloging eng
Transcribing agency UKMGB
Modifying agency OCLCO
-- CGP
-- YDXCP
-- HBP
-- HHO
-- IK2
-- BTCTA
-- GK8
-- CXP
-- ILC
-- VP@
-- BUR
-- OCLCF
-- DLC
042 ## - AUTHENTICATION CODE
Authentication code lccopycat
050 00 - LIBRARY OF CONGRESS CALL NUMBER
Classification number HF 5383
Item number .K423 2013
082 04 - DEWEY DECIMAL CLASSIFICATION NUMBER
Classification number 650.142
100 1# - MAIN ENTRY--PERSONAL NAME
Personal name Kennedy, Joyce Lain.
245 10 - TITLE STATEMENT
Title Job search letters for dummies /
Statement of responsibility, etc by Joyce Lain Kennedy.
260 ## - PUBLICATION, DISTRIBUTION, ETC. (IMPRINT)
Place of publication, distribution, etc Hoboken, N.J. :
Name of publisher, distributor, etc Wiley ;
Place of publication, distribution, etc Chichester :
Name of publisher, distributor, etc John Wiley [distributor],
Date of publication, distribution, etc 2013.
300 ## - PHYSICAL DESCRIPTION
Extent xii, 340 pages :
Other physical details illustrations ;
Dimensions 23 cm.
490 1# - SERIES STATEMENT
Series statement For dummies
500 ## - GENERAL NOTE
General note Includes index.
505 0# - FORMATTED CONTENTS NOTE
Formatted contents note Pt. 1. New tools for new times -- pt. 2. Essential job search letters -- pt. 3. Creative fresh messages -- pt. 4. Best writing elements -- pt. 5. The part of tens.
520 ## - SUMMARY, ETC.
Summary, etc Kennedy delivers the know-how you need right now to land good jobs and thrive. From networking on social media to the etiquette of after-interview follow-up, she has tips that will help you identify and sell your marketable skills.
650 #0 - SUBJECT ADDED ENTRY--TOPICAL TERM
Topical term or geographic name as entry element Cover letters.
830 #0 - SERIES ADDED ENTRY--UNIFORM TITLE
Uniform title --For dummies.
906 ## - LOCAL DATA ELEMENT F, LDF (RLIN)
a 7
b cbc
c copycat
d 2
e ncip
f 20
g y-gencatlg
942 ## - ADDED ENTRY ELEMENTS (KOHA)
Source of classification or shelving scheme Library of Congress Classification
Koha item type Books
Holdings
Withdrawn status Lost status Source of classification or shelving scheme Damaged status Home library Current library Shelving location Date acquired Source of acquisition Sub Shelving location Total Checkouts Full call number Barcode Date last seen Price effective from Koha item type
    Library of Congress Classification   College Library College Library Reserve Section 03/30/2016 Donation     HF 5383 .K423 2013 C20515 05/15/2018 03/30/2016 Books

Job search letters for dummies /

APA

Kennedy J. L., . (2013). Job search letters for dummies. Hoboken, N.J: Wiley.

Chicago

Kennedy Joyce Lain, . 2013. Job search letters for dummies. Hoboken, N.J: Wiley.

Harvard

Kennedy J. L., . (2013). Job search letters for dummies. Hoboken, N.J: Wiley.

MLA

Kennedy Joyce Lain, . Job search letters for dummies. Hoboken, N.J: Wiley. 2013.

  • Place hold
  • Print
  • Cite
  • Add to your cart (remove)
  • Save record
    BIBTEX Dublin Core MARCXML MARC (non-Unicode/MARC-8) MARC (Unicode/UTF-8) MARC (Unicode/UTF-8, Standard) MODS (XML) RIS
  • More searches
    Search for this title in:
    Other Libraries (WorldCat) Other Databases (Google Scholar) Online Stores (Bookfinder.com) Open Library (openlibrary.org)

Exporting to Dublin Core...

SOUTHVILLE LIBRARY

Southville International School and Colleges Library

1281 Tropical Ave. Cor. Luxembourg St., BF Homes International, Las Pinas City

Tel. No. 8256374 / 252358 Loc. 117/146

Powered by Koha